00450 a2200121 4500001001000000005001700010008004100027245012000068100002100188700003400209773006800243999001700311ART_4069720260410162005.0260409a 10aRespuestas del derecho de daños al incumplimiento de los deberes de comunicación en la responsabilidad parental1 aTanzi, Silvia Y.1 aFossaceca, Carlos Alberto (h)0 tTemas de derecho civilg- Año 2, Nº 11 (nov. 2016)wREV34778 c31650d31650